Online katalóg knižníc regiónu Turca

Jarky v kraji (Record no. 22677)

MARC details
000 -LEADER
fixed length control field 01065cam a2200361 a 4500
001 - CONTROL NUMBER
control field 22677
003 - CONTROL NUMBER IDENTIFIER
control field SK-KTurca
005 - DATE AND TIME OF LATEST TRANSACTION
control field 20260415143853.0
008 - FIXED-LENGTH DATA ELEMENTS--GENERAL INFORMATION
fixed length control field 240226s1957 xo gr 000 p slo
015 ## - NATIONAL BIBLIOGRAPHY NUMBER
National bibliography number SNBA1957/03-00477
020 ## - INTERNATIONAL STANDARD BOOK NUMBER
Qualifying information (viazané)
035 ## - SYSTEM CONTROL NUMBER
System control number SNK000306615
035 ## - SYSTEM CONTROL NUMBER
System control number urn:nbn:sk:snk-am3i6dw
035 ## - SYSTEM CONTROL NUMBER
System control number 3AFEBE0C-FEBB-474C-B1FB-7DC07CCA6AF7
035 ## - SYSTEM CONTROL NUMBER
System control number urn:nbn:sk:snk-am00dlow
040 ## - CATALOGING SOURCE
Original cataloging agency SNK
Language of cataloging slo
Transcribing agency SNK
Description conventions AACR2
041 0# - LANGUAGE CODE
Language code of text/sound track or separate title slo
044 ## - COUNTRY OF PUBLISHING/PRODUCING ENTITY CODE
MARC country code xo
ISO country code SK
080 ## - UNIVERSAL DECIMAL CLASSIFICATION NUMBER
Universal Decimal Classification number 821.162.4-1
Edition identifier 2011
080 ## - UNIVERSAL DECIMAL CLASSIFICATION NUMBER
Universal Decimal Classification number (0:82-14)
Edition identifier 2011
100 1# - MAIN ENTRY--PERSONAL NAME
Personal name Turčány, Viliam,
Dates associated with a name 1928-2021
Relationship aut
245 10 - TITLE STATEMENT
Title Jarky v kraji
Remainder of title (verše z rokov 1946-1956)
Statement of responsibility, etc. Viliam Turčány
250 ## - EDITION STATEMENT
Edition statement Prvé vydanie
260 ## - PUBLICATION, DISTRIBUTION, ETC.
Place of publication, distribution, etc. Bratislava
Name of publisher, distributor, etc. Slovenský spisovateľ
Date of publication, distribution, etc. 1957
Place of manufacture Bratislava
Manufacturer Pravda
300 ## - PHYSICAL DESCRIPTION
Extent 99 strán
Dimensions 21 cm
366 ## - TRADE AVAILABILITY INFORMATION
Note 1400 kusov
490 1# - SERIES STATEMENT
Series statement Pôvodná poézia
655 #7 - INDEX TERM--GENRE/FORM
Genre/form data or focus term slovenská poézia
Source of term SNKPH
655 #7 - INDEX TERM--GENRE/FORM
Genre/form data or focus term lyrická poézia
Source of term SNKPH
830 #0 - SERIES ADDED ENTRY--UNIFORM TITLE
Uniform title Pôvodná poézia
942 ## - ADDED ENTRY ELEMENTS (KOHA)
Source of classification or shelving scheme Dewey Decimal Classification
Koha item type Krásna literatúra pre dospelých
Suppress in OPAC No
Holdings
Stav vyradenia Strata Poškodenie Spôsob nadobudnutia Domovská knižnica Aktuálna knižnica Dátum nadobudnutia Total checkouts Čiarový kód exemplára Date last seen Typ exemplára
      Dar Obecná knižnica Horná Štubňa Obecná knižnica Horná Štubňa 15.04.2026   4736202226 15.04.2026 Krásna literatúra pre dospelých
Projekt je podporený Slovenskou asociáciou knižníc
Prevádzkuje Turčianska knižnica Martin 2026